[Event "Panagyurishte op 9th"]
[Site "Panagyurishte"]
[Date "2023.05.28"]
[Round "7"]
[White "Ivanov, Stojan Emilov"]
[Black "Tilicheev, Viacheslav"]
[Result "1-0"]
[WhiteElo "2061"]
[BlackElo "2398"]
[PlyCount "65"]
[EventDate "2023.05.28"]
[EventType "swiss"]
[EventRounds "7"]
[EventCountry "BUL"]
[SourceTitle "CBM 214 Extra"]
[Source "ChessBase"]
[SourceDate "2023.07.31"]
[SourceVersion "1"]
[SourceVersionDate "2023.07.31"]
[SourceQuality "1"]

1. Nf3 Nf6 2. g3 g6 3. Bg2 Bg7 4. 0-0 0-0 5. c4 e6 6. Nc3 d5 7. d4 c6 8. b3 a6 9. Bb2 b5 10. cxd5 cxd5 11. Ne5 Bb7 12. Rc1 Nbd7 13. Nd3 Rc8 14. a4 Qb6 15. axb5 axb5 16. e3 Ne4 17. Nxe4 dxe4 18. Ne5 Nb8 19. h4 f6 20. Ng4 h5 21. Nh2 f5 22. f3 Qd6 23. Qe1 Rxc1 24. Bxc1 Rc8 25. fxe4 fxe4 26. g4 e5 27. Qg3 Qe6 28. gxh5 Qxb3 29. h6 Bxh6 30. Qxg6+ Bg7 31. Ng4 Rc6 32. Qe8+ Kh7 33. Bxe4+ 1-0

[Event "Zadar op-A 22nd"]
[Site "Zadar"]
[Date "2015.12.14"]
[Round "2"]
[White "Matko, Ognjen"]
[Black "Ivanov, Stojan Emilov"]
[Result "0-1"]
[WhiteElo "2305"]
[BlackElo "2201"]
[PlyCount "66"]
[EventDate "2015.12.13"]
[EventType "swiss"]
[EventRounds "9"]
[EventCountry "CRO"]
[SourceTitle "EXT 2017"]
[Source "ChessBase"]
[SourceDate "2016.10.25"]
[SourceVersion "1"]
[SourceVersionDate "2016.10.25"]
[SourceQuality "1"]

1. e4 c5 2. c3 d5 3. exd5 Qxd5 4. d4 e6 5. Nf3 Nf6 6. Na3 cxd4 7. Nb5 Na6 8. Nbxd4 Be7 9. Bb5+ Bd7 10. Bxd7+ Nxd7 11. 0-0 0-0 12. Nf5 Qxf5 13. Qxd7 Bf6 14. Qxb7 Nc5 15. Qb5 Rab8 16. Qa5 Bd8 17. Qxa7 Rb7 18. Qa3 Nd3 19. b4 e5 20. Be3 e4 21. Nd4 Qh5 22. f4 Rb6 23. f5 Bg5 24. Nc2 Rh6 25. h3 Ne5 26. Rf2 Nd3 27. Rff1 Ne5 28. Qa7 Nf3+ 29. Kh1 Qg4 30. Rxf3 exf3 31. Ne1 fxg2+ 32. Kg1 Bxe3+ 33. Qxe3 Rxh3 0-1

[Event "Zadar op-B 21th"]
[Site "Zadar"]
[Date "2014.12.19"]
[Round "8"]
[White "Ivanov, Stojan Emilov"]
[Black "Berke, Ana"]
[Result "1-0"]
[WhiteElo "2224"]
[BlackElo "2075"]
[PlyCount "115"]
[EventDate "2014.12.14"]
[EventType "swiss"]
[EventRounds "9"]
[EventCountry "CRO"]
[SourceTitle "EXT 2016"]
[Source "ChessBase"]
[SourceDate "2015.10.08"]
[SourceVersion "1"]
[SourceVersionDate "2015.10.08"]
[SourceQuality "1"]

1. Nf3 c5 2. g3 Nc6 3. c4 e5 4. Nc3 g6 5. Bg2 Bg7 6. 0-0 Nge7 7. d3 d6 8. a3 a5 9. Bd2 0-0 10. Qc1 Rb8 11. Bh6 b6 12. Bxg7 Kxg7 13. Qd2 Bb7 14. Rad1 Nd4 15. e4 Nxf3+ 16. Bxf3 Nc6 17. Bg2 Nd4 18. f4 f6 19. Rf2 Qe7 20. Rdf1 Bc6 21. h4 h6 22. Nd1 Rbe8 23. Ne3 f5 24. exf5 exf4 25. f6+ Rxf6 26. Ng4 Rf5 27. Bxc6 Nxc6 28. Rxf4 Rxf4 29. Qxf4 g5 30. hxg5 hxg5 31. Qf5 Nd4 32. Qd5 Rf8 33. Rxf8 Kxf8 34. Kg2 Kg7 35. Nf2 Qf6 36. Qb7+ Kg6 37. Qe4+ Kg7 38. Ng4 Qf7 39. Ne3 b5 40. cxb5 Nxb5 41. Nf5+ Kf6 42. a4 Nc7 43. Nxd6 Qb3 44. Nc4 Ne6 45. Qe5+ Ke7 46. Nxa5 Qc2+ 47. Kh3 Qxd3 48. Nc6+ Kf7 49. Qc7+ Kg8 50. Qf7+ Kxf7 51. Ne5+ Kf6 52. Nxd3 Kf5 53. a5 c4 54. Nb4 Nc7 55. a6 Na8 56. a7 Nc7 57. Nd5 Na8 58. Ne3+ 1-0

[Event "Zadar op-B 21th"]
[Site "Zadar"]
[Date "2014.12.17"]
[Round "6"]
[White "Ivanov, Stojan Emilov"]
[Black "Hladnic, Emanuel"]
[Result "1-0"]
[WhiteElo "2224"]
[BlackElo "1935"]
[PlyCount "41"]
[EventDate "2014.12.14"]
[EventType "swiss"]
[EventRounds "9"]
[EventCountry "CRO"]
[SourceTitle "EXT 2016"]
[Source "ChessBase"]
[SourceDate "2015.10.08"]
[SourceVersion "1"]
[SourceVersionDate "2015.10.08"]
[SourceQuality "1"]

1. Nf3 Nf6 2. c4 g6 3. b3 Bg7 4. Bb2 0-0 5. g3 c5 6. Bg2 Nc6 7. 0-0 d5 8. cxd5 Nb4 9. Na3 Nbxd5 10. Rc1 b6 11. d4 Ba6 12. dxc5 Bh6 13. Rb1 bxc5 14. Ne5 Rc8 15. Nac4 e6 16. a3 Qc7 17. Qc2 Nb6 18. Rfd1 Rfd8 19. Rxd8+ Rxd8 20. Nc6 Nxc4 21. bxc4 1-0

[Event "Zadar op-B 21th"]
[Site "Zadar"]
[Date "2014.12.16"]
[Round "4"]
[White "Ivanov, Stojan Emilov"]
[Black "Burovic, Rijad"]
[Result "1-0"]
[WhiteElo "2224"]
[BlackElo "2127"]
[PlyCount "71"]
[EventDate "2014.12.14"]
[EventType "swiss"]
[EventRounds "9"]
[EventCountry "CRO"]
[SourceTitle "EXT 2016"]
[Source "ChessBase"]
[SourceDate "2015.10.08"]
[SourceVersion "1"]
[SourceVersionDate "2015.10.08"]
[SourceQuality "1"]

1. d4 d6 2. Nf3 g6 3. g3 Bg7 4. Bg2 e5 5. 0-0 e4 6. Ne1 d5 7. c4 c6 8. Nc3 Ne7 9. Bg5 f6 10. Bf4 g5 11. Bxb8 Rxb8 12. cxd5 cxd5 13. f3 f5 14. e3 0-0 15. Qb3 Kh8 16. Nc2 Qd6 17. fxe4 fxe4 18. Rxf8+ Bxf8 19. Rf1 Be6 20. Rf6 Bg7 21. Nxe4 Qc6 22. Rxe6 Qxe6 23. Nxg5 Qf5 24. Nf3 Rc8 25. Nce1 b6 26. h3 h5 27. Kh2 Qg6 28. Nh4 Qh6 29. Bxd5 Nxd5 30. Qxd5 Qxe3 31. Qxh5+ Kg8 32. Qd5+ Kh8 33. Neg2 Qxd4 34. Ng6+ Kh7 35. Qh5+ Bh6 36. Ne7 1-0

[Event "Zadar op-B 21th"]
[Site "Zadar"]
[Date "2014.12.15"]
[Round "3"]
[White "Jelecevic, Ivo"]
[Black "Ivanov, Stojan Emilov"]
[Result "1/2-1/2"]
[WhiteElo "2138"]
[BlackElo "2224"]
[PlyCount "221"]
[EventDate "2014.12.14"]
[EventType "swiss"]
[EventRounds "9"]
[EventCountry "CRO"]
[SourceTitle "EXT 2016"]
[Source "ChessBase"]
[SourceDate "2015.10.08"]
[SourceVersion "1"]
[SourceVersionDate "2015.10.08"]
[SourceQuality "1"]

1. e4 c5 2. Nf3 Nc6 3. d4 cxd4 4. Nxd4 Nf6 5. Nc3 e5 6. Ndb5 d6 7. Bg5 a6 8. Na3 b5 9. Nd5 Be7 10. Bxf6 Bxf6 11. c4 b4 12. Nc2 a5 13. Qf3 Be6 14. Rd1 Bxd5 15. Rxd5 0-0 16. Qd1 Nd4 17. Nxd4 exd4 18. Bd3 a4 19. 0-0 Ra5 20. f4 Rxd5 21. cxd5 Qa5 22. e5 Be7 23. Qf3 b3 24. axb3 axb3 25. Qe4 g6 26. Kh1 Qd2 27. Qxd4 Rc8 28. e6 Rc1 29. exf7+ Kxf7 30. Qg1 Rxf1 31. Qxf1 Qxb2 32. h3 Bf6 33. Qe2 Qc1+ 34. Kh2 Qxf4+ 35. g3 Qe5 36. Qe4 Qxe4 37. Bxe4 h6 38. Kg2 Bd4 39. Kf3 Kf6 40. Bb1 g5 41. Ke4 Bf2 42. g4 Ke7 43. Kd3 Kf6 44. Ke4 Bg3 45. Bd3 Ke7 46. Bb1 Kd7 47. Kd3 Be5 48. Kc4 b2 49. Bc2 Kc7 50. Kb5 Bf4 51. Bb1 Kd7 52. Kc4 Bc1 53. Bc2 Ke7 54. Kd4 Kd8 55. Bb1 Kc7 56. Kc4 Kb6 57. Bc2 Ka5 58. Bb1 Ka4 59. Bc2+ Ka3 60. Bb1 Bf4 61. Kc3 Be5+ 62. Kc4 Bf6 63. Kd3 Kb3 64. Kd2 Kc4 65. Ba2+ Kd4 66. Ke2 Ke4 67. Bb1+ Kxd5 68. Kd3 Ke5 69. Ke3 Bd8 70. Kf3 Kd4 71. Ke2 Ba5 72. Bc2 Bb4 73. Bb1 Kc3 74. Bd3 Kd4 75. Bb1 Ke5 76. Kf2 Bd2 77. Bc2 Bf4 78. Bb1 Bc1 79. Bc2 Kd4 80. Ke2 Bf4 81. Bb1 Bg3 82. Bc2 Ke5 83. Kf3 Bh4 84. Bb1 d5 85. Bc2 Be1 86. Bb1 Bd2 87. Bc2 Kd4 88. Ke2 Bc1 89. Bb1 Kc3 90. Bd3 Kb3 91. Bb1 Bf4 92. Kd3 Be5 93. Ke2 Kc3 94. Bd3 d4 95. Bb1 Bf4 96. Bd3 Be3 97. Bb1 Kc4 98. Bc2 Bg1 99. Bb1 Kd5 100. Bc2 Ke5 101. Kf3 Be3 102. Bb1 Bf4 103. Bc2 Kd6 104. Ke2 Bc1 105. Bb1 Kd5 106. Bc2 Ke5 107. Kf3 d3 108. Bxd3 Kd4 109. Bb1 Bf4 110. Ke2 Be5 111. Bd3 1/2-1/2

[Event "Stuttgart-chA int"]
[Site "Ditzingen"]
[Date "2014.05.30"]
[Round "3"]
[White "Ikonnikov, Vyacheslav"]
[Black "Ivanov, Stojan Emilov"]
[Result "1-0"]
[WhiteElo "2570"]
[BlackElo "2244"]
[PlyCount "127"]
[EventDate "2014.05.29"]
[EventType "swiss"]
[EventRounds "7"]
[EventCountry "GER"]
[SourceTitle "EXT 2015"]
[Source "ChessBase"]
[SourceDate "2014.11.20"]
[SourceVersion "1"]
[SourceVersionDate "2014.11.20"]
[SourceQuality "1"]

1. d4 d5 2. Nf3 c6 3. c4 e6 4. Qc2 Nd7 5. cxd5 exd5 6. Nc3 Be7 7. Bf4 Ngf6 8. h3 0-0 9. e3 c5 10. dxc5 Nxc5 11. Be2 Nce4 12. 0-0 Bf5 13. Nd4 Bg6 14. Nxe4 Nxe4 15. Rfc1 Nxf2 16. Qb3 Bh4 17. Nf3 Be4 18. Rf1 g5 19. Nxh4 gxf4 20. Rxf2 Qxh4 21. Rxf4 Qe7 22. Bf3 Bg6 23. Bxd5 Rae8 24. e4 b6 25. Raf1 Qc5+ 26. Kh1 Re7 27. h4 Qd4 28. Qf3 Qe5 29. Rg4 Kh8 30. Rg5 Qd4 31. Rd1 Qg7 32. Qf4 h6 33. Rg3 Re5 34. Rc1 Rh5 35. Rc6 Qe5 36. Qxe5+ Rxe5 37. Bxf7 Rxf7 38. Rgxg6 Rxe4 39. Rxh6+ Rh7 40. Rxh7+ Kxh7 41. Rc7+ Kg6 42. Rxa7 Rxh4+ 43. Kg1 Rb4 44. b3 Rd4 45. Ra6 Rd6 46. a4 Kg5 47. a5 Rd1+ 48. Kf2 bxa5 49. Rxa5+ Kf4 50. Ra4+ Kg5 51. Rc4 Rd2+ 52. Kg1 Rb2 53. b4 Kf5 54. Kh2 Kg5 55. Kh3 Rb1 56. Rc5+ Kg6 57. b5 Kh6 58. Kh4 Rh1+ 59. Kg4 Rb1 60. Rc6+ Kh7 61. b6 Kg7 62. Kf5 Rb5+ 63. Ke6 Kf8 64. Kd7 1-0

[Event "Donau op 22nd"]
[Site "Aschach"]
[Date "2013.12.30"]
[Round "6"]
[White "Neuman, Petr"]
[Black "Ivanov, Stojan Emilov"]
[Result "1-0"]
[WhiteElo "2496"]
[BlackElo "2241"]
[PlyCount "77"]
[EventDate "2013.12.26"]
[EventType "swiss"]
[EventRounds "7"]
[EventCountry "AUT"]
[SourceTitle "CBM 158 Extra"]
[Source "ChessBase"]
[SourceDate "2014.02.28"]
[SourceVersion "1"]
[SourceVersionDate "2014.02.28"]
[SourceQuality "1"]

1. d4 Nf6 2. c4 g6 3. Nc3 d5 4. cxd5 Nxd5 5. Bd2 Bg7 6. e4 Nxc3 7. Bxc3 0-0 8. Nf3 c5 9. d5 Bg4 10. Bxg7 Kxg7 11. Qd2 Bxf3 12. gxf3 e5 13. h4 Nd7 14. h5 Nf6 15. hxg6 fxg6 16. Qh6+ Kg8 17. 0-0-0 Nh5 18. Rxh5 gxh5 19. Qe6+ Kg7 20. Qxe5+ Qf6 21. Qxf6+ Rxf6 22. Bg2 Rf4 23. Kd2 Rh4 24. Ke3 Rh2 25. Bh1 h4 26. f4 h5 27. Bf3 h3 28. d6 Rd8 29. e5 b5 30. Rg1+ Kh6 31. Rg5 c4 32. Rxh5+ Kg7 33. Be4 b4 34. Rg5+ Kh6 35. Rg6+ Kh5 36. f5 Kh4 37. Bf3 c3 38. Rh6+ Kg5 39. Rh5# 1-0

[Event "Donau op 22nd"]
[Site "Aschach"]
[Date "2013.12.27"]
[Round "3"]
[White "Froewis, Georg"]
[Black "Ivanov, Stojan Emilov"]
[Result "1-0"]
[WhiteElo "2423"]
[BlackElo "2241"]
[PlyCount "161"]
[EventDate "2013.12.26"]
[EventType "swiss"]
[EventRounds "7"]
[EventCountry "AUT"]
[SourceTitle "CBM 158 Extra"]
[Source "ChessBase"]
[SourceDate "2014.02.28"]
[SourceVersion "1"]
[SourceVersionDate "2014.02.28"]
[SourceQuality "1"]

1. Nf3 c5 2. e3 g6 3. d4 Bg7 4. c4 Nf6 5. Nc3 0-0 6. Be2 cxd4 7. exd4 d5 8. 0-0 Nc6 9. Bg5 dxc4 10. Bxc4 Bg4 11. d5 Bxf3 12. Qxf3 Ne5 13. Qe2 Nxc4 14. Qxc4 Qb6 15. Qe2 Rad8 16. Rad1 Rd7 17. Rd2 Rfd8 18. Rfd1 Qa5 19. Qc4 h6 20. Be3 Ne8 21. Qb3 Nd6 22. Bd4 Bf8 23. h3 Rc8 24. Rd3 b5 25. a3 Qd8 26. Ne2 a6 27. Ng3 Nc4 28. Bc3 Rc5 29. d6 Rxd6 30. Rxd6 exd6 31. Qc2 Bg7 32. Bxg7 Kxg7 33. b3 Qf6 34. bxc4 Rxc4 35. Qd2 Ra4 36. Qe3 h5 37. Ne2 Qe5 38. Qxe5+ dxe5 39. Rd3 e4 40. Rb3 Kf6 41. Nc3 Rc4 42. Kf1 Ke5 43. Ke2 f5 44. Kd2 h4 45. Ne2 g5 46. g3 hxg3 47. Rxg3 Ra4 48. Rc3 f4 49. Rc5+ Kd6 50. Rxg5 Rxa3 51. Nxf4 b4 52. h4 Ra2+ 53. Ke3 b3 54. Rg1 b2 55. Rb1 Ke5 56. Ne2 a5 57. Nc3 Ra3 58. Kd2 Rb3 59. Kc2 Rb8 60. Rxb2 Rh8 61. h5 Kf4 62. Rb5 a4 63. Nd1 Kf3 64. Rf5+ Ke2 65. Nc3+ Ke1 66. Nxe4 Kf1 67. Nc3 a3 68. Kb3 Kg2 69. Kxa3 Kh3 70. f3 Rb8 71. Na2 Kh4 72. Nc1 Kg3 73. Nb3 Kf2 74. Rf6 Ke3 75. h6 Rb7 76. Kb2 Rc7 77. Na5 Kd4 78. f4 Kd3 79. Nb3 Ke4 80. Ka3 Kd5 81. Kb4 1-0

[Event "Zadar op-A 20th"]
[Site "Zadar"]
[Date "2013.12.21"]
[Round "9"]
[White "Ivanov, Stojan Emilov"]
[Black "Vlahov, Davor"]
[Result "1-0"]
[WhiteElo "2241"]
[BlackElo "2254"]
[PlyCount "73"]
[EventDate "2013.12.15"]
[EventType "swiss"]
[EventRounds "9"]
[EventCountry "CRO"]
[SourceTitle "CBM 158 Extra"]
[Source "ChessBase"]
[SourceDate "2014.02.28"]
[SourceVersion "1"]
[SourceVersionDate "2014.02.28"]
[SourceQuality "1"]

1. d4 Nf6 2. Nf3 d5 3. c4 c6 4. e3 g6 5. Nc3 Bg7 6. Be2 0-0 7. 0-0 dxc4 8. Bxc4 Nbd7 9. Qe2 Nb6 10. Bb3 Nfd5 11. e4 Nxc3 12. bxc3 Bg4 13. h3 Bxf3 14. Qxf3 e6 15. Rb1 Qe7 16. Be3 Rac8 17. g3 c5 18. e5 cxd4 19. cxd4 Rfd8 20. h4 h6 21. Rbc1 Qd7 22. h5 g5 23. Qe4 Rxc1 24. Rxc1 Rc8 25. Bc2 Qe7 26. Qh7+ Kf8 27. Rb1 Nd5 28. Bc1 Rc6 29. Be4 Ra6 30. Bd2 Rb6 31. Rd1 Rb2 32. Rc1 Qd7 33. Bxg5 hxg5 34. h6 Bxh6 35. Qxh6+ Ke8 36. Qh8+ Ke7 37. Rc8 1-0

[Event "Zadar op-A 20th"]
[Site "Zadar"]
[Date "2013.12.20"]
[Round "8"]
[White "Zovko, Mario"]
[Black "Ivanov, Stojan Emilov"]
[Result "1-0"]
[WhiteElo "2301"]
[BlackElo "2241"]
[PlyCount "159"]
[EventDate "2013.12.15"]
[EventType "swiss"]
[EventRounds "9"]
[EventCountry "CRO"]
[SourceTitle "CBM 158 Extra"]
[Source "ChessBase"]
[SourceDate "2014.02.28"]
[SourceVersion "1"]
[SourceVersionDate "2014.02.28"]
[SourceQuality "1"]

1. e4 g6 2. Nc3 Bg7 3. g3 d6 4. Bg2 c5 5. d3 Nc6 6. Be3 e6 7. Qd2 Nge7 8. f4 0-0 9. Nf3 Nd4 10. 0-0 Rb8 11. Nd1 b5 12. c3 Nxf3+ 13. Bxf3 b4 14. Bf2 Ba6 15. c4 Nc6 16. Ne3 Bb7 17. Bg2 Qd7 18. Rab1 a5 19. Nc2 a4 20. Ne1 Ba8 21. Nf3 Qc7 22. Rbc1 Qa5 23. Qe2 Rbe8 24. Be3 Bb7 25. Qf2 Rd8 26. Rfd1 Qa8 27. Re1 Rfe8 28. Rcd1 Na5 29. h3 Rd7 30. Re2 Nc6 31. Rde1 Na5 32. Kh2 Qa6 33. g4 Nxc4 34. dxc4 Qxc4 35. e5 Qxa2 36. exd6 Bxf3 37. Bxf3 Rxd6 38. Bxc5 Rd3 39. Be4 Red8 40. Bxd3 Rxd3 41. Rd2 Rxd2 42. Qxd2 Qxb2 43. Qxb2 Bxb2 44. Bxb4 a3 45. Bxa3 Bxa3 46. Kg3 Kg7 47. Kf3 Bd6 48. Rd1 Ba3 49. Rd3 Bc5 50. Ke4 Bb6 51. Rb3 Bc7 52. Rb7 Bd6 53. Rd7 Ba3 54. Ra7 Bb2 55. Rb7 Ba3 56. Kd4 Bd6 57. Ke4 Ba3 58. Ra7 Bb2 59. Ra4 f5+ 60. Kf3 e5 61. Ra7+ Kg8 62. gxf5 gxf5 63. fxe5 Bxe5 64. Ra5 Bf6 65. Rxf5 Kg7 66. Kg4 Kg6 67. Rb5 Kh6 68. h4 Bc3 69. Rb6+ Kg7 70. Rd6 Bb2 71. Rc6 Bd4 72. Kh5 Be3 73. Rc7+ Kg8 74. Kg4 Bf2 75. h5 Be3 76. Kf5 Bd4 77. Rd7 Bg7 78. Ke6 Bh6 79. Kf6 Bf8 80. Rd8 1-0

[Event "Zadar op-A 20th"]
[Site "Zadar"]
[Date "2013.12.18"]
[Round "5"]
[White "Zufic, Miroslav"]
[Black "Ivanov, Stojan Emilov"]
[Result "1-0"]
[WhiteElo "2466"]
[BlackElo "2241"]
[PlyCount "63"]
[EventDate "2013.12.15"]
[EventType "swiss"]
[EventRounds "9"]
[EventCountry "CRO"]
[SourceTitle "CBM 158 Extra"]
[Source "ChessBase"]
[SourceDate "2014.02.28"]
[SourceVersion "1"]
[SourceVersionDate "2014.02.28"]
[SourceQuality "1"]

1. e4 e5 2. Bc4 Nc6 3. Nf3 Be7 4. d3 d6 5. c3 Nf6 6. 0-0 0-0 7. Re1 Bg4 8. h3 Bh5 9. Nbd2 Qd7 10. b4 Rae8 11. Nf1 d5 12. exd5 Nxd5 13. b5 Nxc3 14. bxc6 Qd6 15. Qb3 Bxf3 16. gxf3 Bh4 17. Kg2 e4 18. dxe4 b5 19. Qxc3 bxc4 20. Ba3 Qg6+ 21. Ng3 Be7 22. Bxe7 Rxe7 23. Qxc4 h5 24. h4 Rfe8 25. Red1 Re6 26. Rac1 Qf6 27. Rd7 Qxh4 28. Rh1 Qf4 29. Rxh5 Rb8 30. Qd5 g6 31. Rd8+ Kg7 32. Rxb8 1-0

[Event "Zadar op-A 20th"]
[Site "Zadar"]
[Date "2013.12.17"]
[Round "4"]
[White "Ivanov, Stojan Emilov"]
[Black "Zelic, Mladen"]
[Result "1-0"]
[WhiteElo "2241"]
[BlackElo "2307"]
[PlyCount "73"]
[EventDate "2013.12.15"]
[EventType "swiss"]
[EventRounds "9"]
[EventCountry "CRO"]
[SourceTitle "CBM 158 Extra"]
[Source "ChessBase"]
[SourceDate "2014.02.28"]
[SourceVersion "1"]
[SourceVersionDate "2014.02.28"]
[SourceQuality "1"]

1. g3 f5 2. Bg2 Nf6 3. c4 g6 4. Nc3 Bg7 5. Nf3 0-0 6. 0-0 d6 7. d4 Nc6 8. d5 Na5 9. Nd2 c5 10. Qc2 Bd7 11. Rb1 a6 12. a4 Qc7 13. b3 Rae8 14. Nf3 e5 15. dxe6 Bxe6 16. Ng5 Bd7 17. Bf4 Nc6 18. Qd2 Nd4 19. e3 h6 20. exd4 hxg5 21. Bxg5 cxd4 22. Bxf6 Bxf6 23. Nd5 Qc5 24. Qh6 Bg7 25. Qxg6 Re6 26. Qg5 Kh7 27. Rfe1 d3 28. Nf4 Rxe1+ 29. Rxe1 d2 30. Qh5+ Kg8 31. Rd1 Bc6 32. Rxd2 Qe5 33. Bd5+ Bxd5 34. Rxd5 Qf6 35. Kg2 Bh6 36. Ng6 Bg7 37. Rxf5 1-0

[Event "Zadar op-A 20th"]
[Site "Zadar"]
[Date "2013.12.16"]
[Round "3"]
[White "Predojevic, Borki"]
[Black "Ivanov, Stojan Emilov"]
[Result "1-0"]
[WhiteElo "2607"]
[BlackElo "2241"]
[PlyCount "58"]
[EventDate "2013.12.15"]
[EventType "swiss"]
[EventRounds "9"]
[EventCountry "CRO"]
[SourceTitle "CBM 158 Extra"]
[Source "ChessBase"]
[SourceDate "2014.02.28"]
[SourceVersion "1"]
[SourceVersionDate "2014.02.28"]
[SourceQuality "1"]

1. e4 e5 2. Bc4 Nc6 3. Nf3 Be7 4. 0-0 d6 5. c3 Nf6 6. d3 0-0 7. Bb3 Bg4 8. Nbd2 Bh5 9. Re1 Nd7 10. Nf1 Kh8 11. Ng3 Bxf3 12. Qxf3 Bg5 13. Be3 Nc5 14. Bxc5 dxc5 15. Bd5 Ne7 16. Rad1 c6 17. Bb3 Ng6 18. Qg4 a5 19. a4 Bf4 20. Nf5 Qf6 21. g3 Bh6 22. d4 cxd4 23. cxd4 exd4 24. f4 c5 25. e5 Qb6 26. Bc4 Qxb2 27. Nxh6 gxh6 28. f5 Ne7 29. f6 Ng6 1-0

[Event "Skopje Karposh op"]
[Site "Skopje"]
[Date "2013.03.15"]
[Round "8"]
[White "Haznedaroglu, Kivanc"]
[Black "Ivanov, Stojan Emilov"]
[Result "1-0"]
[WhiteElo "2428"]
[BlackElo "2238"]
[PlyCount "89"]
[EventDate "2013.03.09"]
[EventType "swiss"]
[EventRounds "9"]
[EventCountry "MKD"]
[SourceTitle "CBM 153 Extra"]
[Source "ChessBase"]
[SourceDate "2013.04.22"]
[SourceVersion "1"]
[SourceVersionDate "2013.04.22"]
[SourceQuality "1"]

1. e4 c5 2. Nf3 d6 3. d4 cxd4 4. Nxd4 Nf6 5. Nc3 Nc6 6. Bg5 e6 7. Bb5 Bd7 8. Bxc6 bxc6 9. Qf3 e5 10. Nf5 Bxf5 11. Qxf5 Rb8 12. 0-0-0 Qd7 13. Qf3 Qg4 14. Qe3 Rb7 15. h3 Qe6 16. f4 exf4 17. Bxf4 Be7 18. Qd4 0-0 19. Bxd6 Rd8 20. e5 Ne8 21. Rhe1 Nxd6 22. exd6 Rxd6 23. Rxe6 Rxd4 24. Rxc6 Bg5+ 25. Kb1 Rxd1+ 26. Nxd1 f5 27. c4 Rd7 28. Nc3 Rd2 29. g4 Bf6 30. gxf5 h5 31. c5 Rh2 32. Rxf6 gxf6 33. c6 Rh1+ 34. Kc2 Re1 35. c7 Re8 36. Nd5 Kf7 37. Kd3 Ra8 38. Kd4 Ke8 39. Nxf6+ Ke7 40. Ke5 h4 41. b4 Rc8 42. b5 Kf7 43. Nd5 Re8+ 44. Kd6 Ra8 45. a4 1-0

[Event "Skopje Karposh op"]
[Site "Skopje"]
[Date "2013.03.11"]
[Round "4"]
[White "Ivanov, Stojan Emilov"]
[Black "Baron, Tal"]
[Result "0-1"]
[WhiteElo "2238"]
[BlackElo "2465"]
[PlyCount "52"]
[EventDate "2013.03.09"]
[EventType "swiss"]
[EventRounds "9"]
[EventCountry "MKD"]
[SourceTitle "CBM 153 Extra"]
[Source "ChessBase"]
[SourceDate "2013.04.22"]
[SourceVersion "1"]
[SourceVersionDate "2013.04.22"]
[SourceQuality "1"]

1. Nf3 Nf6 2. g3 g6 3. Bg2 Bg7 4. 0-0 d5 5. d4 0-0 6. Re1 c5 7. dxc5 Na6 8. Nbd2 Nxc5 9. Nb3 Nce4 10. Ng5 Bf5 11. Nd4 Qb6 12. Be3 Qxb2 13. Rb1 Qxa2 14. Nxf5 gxf5 15. Rxb7 e6 16. Nxe4 Nxe4 17. Bxe4 fxe4 18. Qd2 d4 19. Bf4 e5 20. Bg5 Rab8 21. Qb4 a5 22. Qb5 Rxb7 23. Qxb7 Qxc2 24. Kf1 e3 25. Be7 d3 26. Bxf8 d2 0-1

[Event "Skopje Karposh op"]
[Site "Skopje"]
[Date "2013.03.10"]
[Round "3"]
[White "Ivanov, Stojan Emilov"]
[Black "Zdravkovic, Dragan S"]
[Result "1-0"]
[WhiteElo "2238"]
[BlackElo "1913"]
[PlyCount "47"]
[EventDate "2013.03.09"]
[EventType "swiss"]
[EventRounds "9"]
[EventCountry "MKD"]
[SourceTitle "CBM 153 Extra"]
[Source "ChessBase"]
[SourceDate "2013.04.22"]
[SourceVersion "1"]
[SourceVersionDate "2013.04.22"]
[SourceQuality "1"]

1. d4 Nf6 2. Nf3 c5 3. e3 g6 4. Be2 Bg7 5. 0-0 cxd4 6. exd4 0-0 7. Re1 d5 8. c3 Nc6 9. h3 Ne4 10. Bf4 e6 11. Nbd2 f5 12. Bb5 h6 13. Bxc6 bxc6 14. Be5 Ba6 15. Bxg7 Kxg7 16. Ne5 Qc7 17. Nxe4 dxe4 18. b4 Rad8 19. Re3 Qb7 20. Rg3 Rf6 21. Qh5 Rg8 22. Rxg6+ Rxg6 23. Qxg6+ Kh8 24. Qxh6+ 1-0

[Event "Skopje Karposh op"]
[Site "Skopje"]
[Date "2013.03.10"]
[Round "2"]
[White "Stella, Andrea"]
[Black "Ivanov, Stojan Emilov"]
[Result "1-0"]
[WhiteElo "2477"]
[BlackElo "2238"]
[PlyCount "81"]
[EventDate "2013.03.09"]
[EventType "swiss"]
[EventRounds "9"]
[EventCountry "MKD"]
[SourceTitle "CBM 153 Extra"]
[Source "ChessBase"]
[SourceDate "2013.04.22"]
[SourceVersion "1"]
[SourceVersionDate "2013.04.22"]
[SourceQuality "1"]

1. Nf3 c5 2. c4 b6 3. g3 Bb7 4. Bg2 e6 5. 0-0 Nf6 6. Nc3 Be7 7. d4 cxd4 8. Qxd4 0-0 9. Rd1 d6 10. Bg5 a6 11. Bxf6 gxf6 12. Ne4 Ra7 13. Qe3 f5 14. Nc3 Nd7 15. a4 Bxf3 16. exf3 Qc7 17. Nd5 exd5 18. Qxe7 Ne5 19. Qg5+ Ng6 20. cxd5 f4 21. Qf6 Qc5 22. Rac1 Qb4 23. Qd4 Qxd4 24. Rxd4 Re8 25. Bf1 a5 26. Kg2 Rae7 27. Rdd1 Ne5 28. Bb5 Rd8 29. Rd4 Ng6 30. Bd3 Ne5 31. Bb5 fxg3 32. fxg3 Ng6 33. Bd3 Kg7 34. f4 Rde8 35. Rc6 Re1 36. Bxg6 fxg6 37. Rxd6 R8e2+ 38. Kh3 Rxb2 39. Rc4 Ree2 40. Rc7+ Kh6 41. Kg4 1-0

[Event "Sarajevo Bosna op-A 42nd"]
[Site "Sarajevo"]
[Date "2012.05.09"]
[Round "7"]
[White "Nestorovic, Lazar"]
[Black "Ivanov, Stojan Emilov"]
[Result "1-0"]
[WhiteElo "2365"]
[BlackElo "2263"]
[PlyCount "97"]
[EventDate "2012.05.05"]
[EventType "swiss"]
[EventRounds "9"]
[EventCountry "BIH"]
[SourceTitle "CBM 148 Extra"]
[Source "ChessBase"]
[SourceDate "2012.06.22"]
[SourceVersion "1"]
[SourceVersionDate "2012.06.22"]
[SourceQuality "1"]

1. e4 c5 2. Nf3 a6 3. Nc3 d6 4. d4 cxd4 5. Nxd4 e6 6. Be3 Nd7 7. Qd2 Ngf6 8. f3 Qc7 9. g4 Ne5 10. 0-0-0 Be7 11. h4 b5 12. a3 Rb8 13. g5 Nh5 14. Rg1 0-0 15. f4 Nc4 16. Bxc4 bxc4 17. Kb1 Qb7 18. Qc1 d5 19. Ka1 dxe4 20. Nde2 Rd8 21. Bd4 Bd7 22. Be5 Rbc8 23. Qe3 Bc6 24. Nd4 Bc5 25. Nce2 Qb6 26. Qc3 Bb5 27. f5 Rd5 28. g6 hxg6 29. fxe6 f6 30. Bh2 Rcd8 31. e7 Bxe7 32. Rxg6 Bc5 33. Bg1 Kh7 34. Rg4 Bd7 35. Rg2 Be8 36. Qe3 Bxd4 37. Nxd4 Rxd4 38. Rxd4 Qxd4 39. Qxd4 Rxd4 40. Bxd4 f5 41. Be3 Nf6 42. Kb1 Bh5 43. Kc1 Bf3 44. Rg1 Nd5 45. Bd4 g6 46. Kd2 Kh6 47. b3 cxb3 48. c4 Nf4 49. Be3 1-0

[Event "Sarajevo Bosna op-A 42nd"]
[Site "Sarajevo"]
[Date "2012.05.05"]
[Round "1"]
[White "Ivanov, Stojan Emilov"]
[Black "Lajthajm, Borko"]
[Result "0-1"]
[WhiteElo "2263"]
[BlackElo "2493"]
[PlyCount "82"]
[EventDate "2012.05.05"]
[EventType "swiss"]
[EventRounds "9"]
[EventCountry "BIH"]
[SourceTitle "CBM 148 Extra"]
[Source "ChessBase"]
[SourceDate "2012.06.22"]
[SourceVersion "1"]
[SourceVersionDate "2012.06.22"]
[SourceQuality "1"]

1. Nf3 Nf6 2. d4 e6 3. c4 Bb4+ 4. Bd2 Qe7 5. Nc3 b6 6. e3 Bxc3 7. Bxc3 Ne4 8. Qc2 Bb7 9. Bd3 Nxc3 10. Qxc3 d6 11. Qc2 Bxf3 12. gxf3 a5 13. Qa4+ Qd7 14. Qb5 a4 15. Qg5 g6 16. Qf6 Rg8 17. h4 Qe7 18. Qxe7+ Kxe7 19. h5 a3 20. b4 c5 21. hxg6 hxg6 22. bxc5 bxc5 23. dxc5 dxc5 24. Rb1 Nc6 25. Be4 Rab8 26. Rb5 Rxb5 27. cxb5 Nb4 28. Kd2 Nxa2 29. Ra1 Rd8+ 30. Kc2 Nb4+ 31. Kc3 f5 32. Bb7 Rb8 33. Ba6 a2 34. Kc4 Kd6 35. e4 Ra8 36. e5+ Kxe5 37. Bb7 Ra3 38. b6 Kd6 39. Kb5 Nc2 40. Rd1+ Nd4+ 41. Kc4 a1Q 0-1